000 nam a22 a 4500
999 _c86992
_d86992
003 BLK
005 20230306151529.0
008 180408b bul|||||r ||||||| ||bul||
010 _aKNG00091621000
020 _a954-439-060-Х
040 _aBLK
041 _aBUL
_cBUL
080 _aНемска литература
_b821.112.2
_x-31
_z821.112.2-31
100 1 _aРьослер, Кари
_eпърви автор
_9117991
139 _aРьослер, Кари
_bР 98
245 1 0 _aГорещите нощи на Ингрид
_bРоман
_cКари Рьослер; прев. Екатерина Михайлова Колева.
257 _aDEU
260 _aВ. Търново
_bСлово
_bАбагар
_c1992
300 _a103 с.
_c20 см
380 _aX
490 _aЛюбовни романи
_v№ 2
_9201194
500 _aОриг. загл. Heisse Spur Nach Ibiza / Carrie Roessler. - 40 000 тир.
653 _aромантична проза
700 1 _aКолева, Екатерина Михайлова
_eпрев.
_9302523
852 _aЦб 170029
856 4 _qpdf
_i0.00
_ldisable
856 4 _qpdf
_i0.00
_ldisable
942 _cKNG
_n0
_s1
944 _aCR
_c28.09.2009
_lф /
_kЛюдмила_Стоянова
944 _aED
_c02.11.2009
_lф /
999 _d86992